| 000 | 00000nas##2200000za#4500 |
| 001 | 9.514159 |
| 003 | CaOODSP |
| 005 | 20200325124902 |
| 007 | ta |
| 008 | 150406c2000||||xxc|| p #||||f| |0eng|d |
| 022 | |a1487-5101 |
| 040 | |aCaOODSP|beng |
| 043 | |an-cn--- |
| 086 | 1 |aA22-182E |
| 110 | 1 |aCanada.|bAgriculture and Agri-Food Canada. |bPolicy Branch. |
| 245 | 12|aA portrait of the Canadian agri-food system / |cIssued by Economic and Policy Analysis Directorate. |
| 260 | |aOttawa - Ontario : |bAgriculture and Agri-Food Canada. |
| 310 | |aIrregular |
| 563 | |aSpiral binding |
| 775 | 08|tPortrait du circuit agroalimentaire canadien |w(CaOODSP)9.512589 |
| 776 | 0#|tA portrait of the Canadian agri-food system.|w(CaOODSP)9.504358 |